Crackdown on tax avoidance (Record no. 82939)

MARC details
000 -LEADER
fixed length control field 00844cab a22001935a 4500
001 - CONTROL NUMBER
control field L152326
008 - FIXED-LENGTH DATA ELEMENTS--GENERAL INFORMATION
fixed length control field 110215e20110115xxk 000 0 eng d
035 ## - SYSTEM CONTROL NUMBER
System control number (Sirsi) u152326
041 0# - LANGUAGE CODE
Language code of text/sound track or separate title eng
100 1# - MAIN ENTRY--PERSONAL NAME
Personal name Hunter, Michael
245 00 - TITLE STATEMENT
Title Crackdown on tax avoidance
260 ## - PUBLICATION, DISTRIBUTION, ETC.
Date of publication, distribution, etc. 2011
490 ## - SERIES STATEMENT
Series statement Estates Gazette
Volume/sequential designation (1102) 15 January 2011, 72(1)
520 ## - SUMMARY, ETC.
Summary, etc. Details of HM Revenue & Customs (HMRC) efforts to crackdown on stamp duty land tax (SDLT) avoidance structures and taking action on poor compliance. Notes that HMRC's general compliance checks are likely to become more stringent with specialists in other areas trained to spot SDLT avoidance. With advice on priority areas for those with a significant number of property transactions.
590 ## - LOCAL NOTE (RLIN)
Local note KA
651 #4 - SUBJECT ADDED ENTRY--GEOGRAPHIC NAME
Geographic name United Kingdom
Chronological subdivision
690 ## - LOCAL SUBJECT ADDED ENTRY--TOPICAL TERM (OCLC, RLIN)
Topical term or geographic name as entry element PROPERTY TAXATION
942 ## - ADDED ENTRY ELEMENTS (KOHA)
Suppress in OPAC 0
Holdings
Withdrawn status Lost status Source of classification or shelving scheme Damaged status Not for loan Home library Current library Shelving location Date acquired Total Checkouts Full call number Barcode Date last seen Copy number Price effective from Koha item type
    Dewey Decimal Classification     London London Journal article 21/02/2011   L152326 152326-1001 06/08/2019 1 06/08/2019 Journal article